[Event "GER-ch U14 DEM op"]
[Site "Oberhof"]
[Date "2010.05.24"]
[Round "2"]
[White "Glase, Johan"]
[Black "Holzapfel, Jan Marius"]
[Result "1-0"]
[WhiteElo "1068"]
[BlackElo "849"]
[PlyCount "141"]
[EventDate "2010.05.23"]
[EventType "swiss"]
[EventRounds "7"]
[EventCountry "GER"]
[SourceTitle "CBM 136 Extra"]
[Source "ChessBase"]
[SourceDate "2010.07.02"]
[SourceVersion "2"]
[SourceVersionDate "2010.07.15"]
[SourceQuality "1"]

1. g3 e5 2. Bg2 Nc6 3. c4 Bc5 4. d3 Nf6 5. Nf3 0-0 6. 0-0 d6 7. Nc3 a6 8. Bg5 Ba7 9. Nd5 Be6 10. Qb3 Bxd5 11. cxd5 Nd4 12. Nxd4 exd4 13. Qxb7 Qe7 14. Bxf6 Qxf6 15. Qxc7 Qe5 16. Rfe1 Bb8 17. Qc6 Ba7 18. Qxa6 Bc5 19. Qb5 Rfb8 20. Qd7 Rxb2 21. Qg4 Bb4 22. Rab1 Bxe1 23. Rxb2 Qf6 24. Qf3 Qxf3 25. Bxf3 Bc3 26. Rb6 Rd8 27. Rc6 Bd2 28. Rc4 Bc3 29. e3 Bb2 30. e4 Ra8 31. Rc2 Ba1 32. Rc6 Rd8 33. a4 Bc3 34. e5 dxe5 35. d6 f6 36. Bg4 g6 37. d7 f5 38. Rc8 Ba5 39. Bf3 Kf7 40. Rxd8 Bxd8 41. Bc6 Ke7 42. a5 Bxa5 43. f3 f4 44. gxf4 exf4 45. Kg2 Kf6 46. Kh3 Kg5 47. Bd5 h5 48. Be4 Bd8 49. Kg2 Kh6 50. Kf2 g5 51. h3 h4 52. Ke2 Kh5 53. Kd2 g4 54. fxg4+ Kg5 55. Kc2 Kf6 56. Kb3 Ke5 57. Kc4 Bb6 58. Kb5 Bc7 59. Kc6 Bd8 60. Kb7 Ke6 61. Kc8 Ke7 62. g5 Bb6 63. g6 Kf6 64. d8Q+ Bxd8 65. Kxd8 Kg7 66. Ke7 Kg8 67. Kf6 Kf8 68. g7+ Kg8 69. Bd5+ Kh7 70. g8Q+ Kh6 71. Qg6# 1-0